Responses for show #84 - Thursday, January 3, 1985

Liz Caccese game 4.

Contestants

Bob Mette, a family doctor originally from Cranford, New Jersey

Pam Linden-Dernham, an operating room nurse from Los Angeles, California

Liz Caccese, a steam plant control operator originally from Chicago, Illinois (whose 3-day cash winnings total $23,500)

Jeopardy! Round responses

ISLANDS
MIRACLES
SPORTS
VEGETABLES
"MC" NAMES
TRIVIA
    $100 24
Coney Island

Bob
    $100 1
Santa Claus

Pam
    $100 6
football

Liz
    $100 22
potatoes

Liz
    $100 4
Ed McMahon

Liz
    $100 15
Henry VIII

Liz
    $200 10
Paradise Island

Bob
    $200 2
Jesus Christ

Liz
    $200 7
female umpire

Liz
    $200 23
seeds

Bob
    $200 5
[Alex called on Bob saying, "Bob Mette."]

Steve McQueen

Bob
    $200 16
types of dogs

Liz
    $300 25
(Liz: What is Tasmania?)

Borneo

LizPam
    $500 3
(Liz: Who is Billy Miracle?)
(Alex: The song was called "It's A Miracle" and it was performed by--audience?)
(Audience: [*]!)
(Alex: Thank you very much.)
[The song was not played going into the break.]

Barry Manilow

Liz
    $300 8
(Liz: What are [*]?...Or [**]...What are [**]?)

irons (golf clubs)

Liz
    $300 12
Charlie McCarthy

Liz
    $300 17
Ivory Soap

Pam
    $400 26
(Pam: What is a tortoise?)

iguanas

Pam
Triple Stumper
    $400 18
(Alex: Right, the parents of Helen Keller.)

Annie Sullivan

Liz
    $400 9
(Liz: What is 2?)

3

LizPam
    $400 13
George McGovern

Liz
    $400 20
parachute

Liz
    $500 19
(Liz: [rang in without meaning to and had no response])
...
(Alex: Painted great stuff, but wasn't too sharp in terms of science.)

Pablo Picasso

Liz
Triple Stumper
    $500 11
Gentlemen, start your engines

Bob
    $500 14
Aimee Semple McPherson

Liz
    $500 21
(Alex: We've got less than a minute to go in the round.)

mirror

Liz

Scores at the first commercial break (after clue 9):

Liz Pam Bob
$0 $500 $200

Scores at the end of the Jeopardy! Round:

Liz Pam Bob
$2,100 $700 $1,200

Double Jeopardy! Round responses

SCIENCE
U.S. CITIES
W W II
PRISONS
COMPOSERS
TIMELY LITERATURE
    $200 13
Milky Way

Liz
    $200 6
Philadelphia, Pennsylvania

Pam
    $200 18
warden

Bob
    $200 1
Norway

Liz
    $200 8
1984

Liz
    $400 14
(Alex: You took a guess? And you beat out a nurse and a doctor.)

ear

Liz
    $400 7
(Pam: Hmmm...Let's call it um, Providence, Rhode Island.)
[Laughter.]
(Alex: Let's call it a day, maybe?)

Reno, Nevada

LizPam
    $400 19
(Pam: What is um...?)

penitentiary

LizPam
    $400 2
Strauss

Pam
    $400 9
1,001

Pam
    $600 15
(Pam: What are um, fluoroscopes?)

ultraviolet rays

Pam
Triple Stumper
    $600 3
Johann Sebastian Bach

Pam
    $600 10
Around the World in 80 Days

Liz
    $800 16
(Liz: [shook head only] )
...
(Alex: We've got less than a minute to go in the round.)

vipers

Liz
    $600 4
Arthur Sullivan

Pam
    $800 11
(Liz: ....[time's up signal] What's As You Like It?)
(Alex: Sorry, too much time and you were wrong.)
(Bob: What is A Midsummer Night's Dream?)

Twelfth Night

LizBob
Triple Stumper
    $1000 17
(Liz: [Grimacing] ...What is plu--)
[The time expiry signal sounds.]
...
(Alex: Sorry, you took too long.)

pitchblende

LizPam
    $1000 5
Tchaikovsky

Bob
    $1000 12
The Children's Hour

Liz

Scores at the end of the Double Jeopardy! Round:

Liz Pam Bob
$2,900 $2,500 $1,600

[wagering suggestions for these scores]

Final Jeopardy! Round responses

SPACE
BobWhat is the Dead Sea?
$100
PamWhat is the Sea of Tranquility
$2,450
LizWhat is the Sea of Tranquility?
$2,100
the Sea of Tranquility

Final scores:

Liz Pam Bob
$5,000 $4,950 $1,500
4-day champion: $28,500 2nd place: Pinseeker golf clubs & Rayban sunglasses 3rd place: Alsy-Cycle II lamps

Game dynamics:

Coryat scores:

Liz Pam Bob
$4,200 $2,700 $1,600
22 R,
7 W
(including 2 DDs)
10 R
(including 1 DD),
4 W
7 R,
1 W

Combined Coryat: $8,500

The J! Archive is created by fans, for fans. The Jeopardy! game show and all elements thereof, including but not limited to copyright and trademark thereto, are the property of Jeopardy Productions, Inc. and are protected under law. This website is not affiliated with, sponsored by, or operated by Jeopardy Productions, Inc. Join the discussion at JBoard.tv.